F ile Başlayan Şarkılar - Statistics

General Stats
  • This quiz has been taken 3 times
  • The average score is 6 of 15
Answer Stats
Hint Answer % Correct
Arkası gelmez dertlerimin, bıktım illallah Arkası gelmez dertlerimin, bıktım illallah Biri biterken öbürü de başlar, vermesin Allah Biri biterken öbürü de başlar, vermesin Allah Fesuphanallah
100%
Gün doğarken her sabah Bir kız geçer kapımdan Köşeyi dönüp kaybolur Başı önde yorgunca Fabrika Kızı
67%
"İsmin ne?" dedi, söyleyiverdim Aşkınla yanıp çılgına döndüm Birden ona ben kalbimi verdim Bittim, eridim, mum gibi söndüm Keşke adımı bilmez olaydım Gözyaşlarımı silmez olaydım Feride
67%
Aman bulguru kaynatırlar Guzum bulguru kaynatırlar Serinde yaylatırlar Aman serinde yaylatırlar Aman bizde âdet böyledir Guzum bizde âdet böyledir Güzeli ağlatırlar, aman çirkini söyletirler Fidayda
67%
O gün ki gördüm seni Yaktın ah yaktın beni O gün ki gördüm seni Yaktın ah yaktın beni Gördüğüm günden beri Olmuşum inan deli Gördüğüm günden beri Olmuşum inan deli Fikrimin İnce Gülü
67%
Yıllardan sonra, yollardan sonra
Şarkılar söylüyor çocuklar
Yıllardan sonra, yollardan sonra
Yeniden yanyana onlar
Ne geçmiş tükendi ne yarınlar
Hayat yeniler bizleri
Geçsede yolumuz bozkırlardan
Denizlere çıkar sokaklar
Fırtına
67%
Bir dost gibi davran bana Herkes bizi öyle bilsin Bugün burada bütün olanlar Saklı, gizli sürüp gitsin Fırtınalar
67%
Kayıkçının küreği Hop hop eder yüreği Akşama fincan böreği Fış Fış Kayıkçı
67%
Maymunlar cehennemindeyim, hiç kimse duymamış Sordum, hiç kimse görmemiş ve hiç kimse konuşmamış Korkular dolup taşınca komşular da kalmamış Yalancı şahitler çoğalmış, ordular da saf almış Sanki herkes zan altında, pozisyon sert, penaltı Yer altından çıktım ben çoktan, fareydim, çok yol aldım Korktum bazen ben de herkes gibi, umudum kalmadı Fakat sabrımsa aramızdaki en büyük farktır Fark Var
33%
Daha gün görmemiş taze gelindir oy, oy Ölem ölem derdo ölem taze gelindir oy, oy, oy, oy Söyletmeyin beni anam yaram derindir Ölem ölem yaram derindir nasıl gülem ey, ey, ey, ey Fırat
33%
Ne ümitle geldik koca şehire Allah sonumuzu hayır getire Alacaklı haciz koymuş bekire (abo) Fadime'nin Düğünü
0%
Onuncu ayın onuncu günü saat on buçukta yanmış mumum Otuz beş yıl olmuş, ihtiyar bir çocuktur güzel ruhum Okulu asıp oyuna kaçar bıraksam hâlâ Ama çok düştü, incindi, yoruldu, dinlenmeli kalbim doğrusu Sen doğum günü hediyem misin? Diyelim ki hoş geldin, peki beni çok sevecek misin? Yoksa sen de her düş gibi çabucak kırılıp dökülür müsün gözlerimden? F.D.
0%
Bombalar yağar bu şehre seviştiğimizde Darbeler vurur ruhuma Seni düşünüp her içtiğimde maddeler Susarım sana konuşamam açım susarım sana Seni bana beni sana hiç anlatamadım çok Fırtınaların koptu dalgaların boğdu Yalanlarım çoğaldı Yarınlarım lavlarının en altında kaldı Hiddetinin şimşeği tüm şiddetiyle çarptı Ne özleminin yüceliği uçurumdan farklı Ne yüzde biri kadar cehennemin sana rahat Felaket
0%
Rüzgârla gelen İlkbahar gibi gözlerin Bıktım geceden Her zaman güzeldi düşlerim Niyetim sensin, gel Fesleğen kokulu yârimsin Çarem sensin, gel Alnıma yazılı tazemsin Fesleğen
0%
Çel şu kulun aklını Allah'ım Alıp da kaldırsın beni dağlara Ele rezil olurum vallahi Gelin edecek beni dedim eşe dosta Hadi yârim hazırım dünden Hele yârim beni al benden Tutamazlar ki kaçarım zaten Firarım Ben
0%
No matching quizzes found
Score Distribution
Percent of People with Each Score
Percentile by Number Answered
Your Score History
You have not taken this quiz